| 000 | 00000cam 2200000zi 4500 |
| 001 | 9.909864 |
| 003 | CaOODSP |
| 005 | 20260514080249 |
| 006 | m o d f |
| 007 | cr mn||||||||| |
| 008 | 220405t20222022onc obu f000 0 eng d |
| 040 | |aCaOODSP|beng|erda|cCaOODSP |
| 043 | |an-cn--- |
| 086 | 1 |aP29-043-123-2022E-PDF |
| 245 | 00|aAerosol containers and gas cartridges for transport of dangerous goods. |
| 250 | |3Fourth edition. |
| 264 | 1|aOttawa, Ontario : |bCanadian General Standards Board = Office des normes générales du Canada : |bStandards Council of Canada = Conseil canadien des normes, |c2022. |
| 264 | 4|c©2022 |
| 300 | |a1 online resource (i, 19 pages). |
| 336 | |atext|btxt|2rdacontent |
| 337 | |acomputer|bc|2rdamedia |
| 338 | |aonline resource|bcr|2rdacarrier |
| 490 | 1 |aNational standard of Canada ; |vCAN/CGSB-43.123-2022 |
| 500 | |a"Corrigendum No. 1 June 2022." |
| 500 | |a"Supersedes CAN/CGSB-43.123-2017." |
| 500 | |aIssued also in French under title: Bombes aérosol et cartouches à gaz pour le transport de marchandises dangereuses. |
| 500 | |a"The Standards Council of Canada has granted a 2-year extension on the maintenance deadline of this standard, from April 5, 2027, to April 5, 2029" -- Statement supplied by the Canadian General Standards Board (2026-05-13). |
| 504 | |aIncludes bibliographical references (page 19). |
| 520 | |a"This standard sets out the requirements for the design, manufacture, testing and inspection of non-refillable containers with a capacity of not more than 1 L and their selection and use for the handling, offering for transport and transport of UN1950, aerosols and UN2037, gas cartridges, in Canada"--Scope, page 1. |
| 650 | 0|aPressure packaging|xStandards|zCanada. |
| 650 | 0|aHazardous substances|xTransportation|xStandards|zCanada. |
| 710 | 2 |aCanadian General Standards Board, |eissuing body. |
| 710 | 2 |aStandards Council of Canada, |eissuing body. |
| 775 | 08|tBombes aérosol et cartouches à gaz pour le transport de marchandises dangereuses.|w(CaOODSP)9.909871 |
| 795 | |tAerosol containers and gas cartridges for transport of dangerous goods |b2017|w(CaOODSP)9.839839 |
| 830 | #0|aNational standard of Canada ;|vCAN/CGSB-43.123-2022.|w(CaOODSP)9.507848 |
| 856 | 40|qPDF|s965 KB|uhttps://publications.gc.ca/collections/collection_2022/ongc-cgsb/P29-043-123-2022-eng.pdf |
| 986 | |aICS 55.020, 55.130 |